عالم الجن والشياطين / (رقم التسجيلة. 7745)

تفاصيل مارك
000 -الفاتح
حقل البيانات ثابتة الطول 00908cam a22002411a 4500
003 - محدد رقم الضبط
رقم الضبط SA-RiAUC
005 - وقت وتاريخ اخر تعامل مع التسجيلة
رقم الضبط 20150408113826.0
008 - عناصر البيانات ثابتة الطول - معلومات عامة
حقل البيانات ثابتة الطول 100731s1999 ua g 00010 ara c
040 ## - مصدر الفهرسة
لغة الفهرسة ara
وكالة النسخ mb
082 04 - رقم تصنيف ديوى العشرى
رقم التصنيف 243
رقم الطبعة 21
100 1# - المدخل الرئيسى - إسم شخصى
الإسم الشخصى الأشقر، عمر سليمان عبد الله،
التواريخ المصاحبة للاسم 1940-
9 (RLIN) 213
245 10 - بيان العنوان
العنوان عالم الجن والشياطين /
بيان المسئوليه,etc عمر سليمان الأشقر.
250 ## - بيان الطبعة
بيان الطبعة ط. 15.
260 ## - PUBLICATION, DISTRIBUTION, ETC. (IMPRINT)
مكان الناشر او الموزع عمان
اسم الناشر او الموزع دار النفائس
تاريخ النشر أو التوزيع 2004
300 ## - الوصف المادى
التعداد 223 ص
أبعاد الوعاء 24 سم
440 ## - بيان السلسلة/مدخل إضافى-العنوان
العنوان العقيدة في ضوء الكتاب والسنة
رقم المجلد/ التعيين التسلسلي 2
9 (RLIN) 216
490 1# - بيان السلسلة
عنوان السلسلة العقيدة في ضوء الكتاب والسنة ؛
رقم المجلد/ التعيين التسلسلي 3
650 #7 - المدخل الاضافى بالموضوع-مصطلح موضوعى
مصطلح موضوعي أو اسم جغرافي كعنصر مدخل الملائكة
مصدر الرأس أو المصطلح aucsh
9 (RLIN) 214
650 #7 - المدخل الاضافى بالموضوع-مصطلح موضوعى
مصطلح موضوعي أو اسم جغرافي كعنصر مدخل الشياطين والجان
مصدر الرأس أو المصطلح aucsh
9 (RLIN) 116
650 #7 - المدخل الاضافى بالموضوع-مصطلح موضوعى
مصطلح موضوعي أو اسم جغرافي كعنصر مدخل السمعيات (علم كلام)
مصدر الرأس أو المصطلح aucsh
9 (RLIN) 215
830 #2 - المدخل الاضافى بالسلسلة -عنوان موحد
عنوان موحد العقيدة في ضوء الكتاب والسنة
رقم المجلد/ التعيين التسلسلي 3
9 (RLIN) 352
942 ## - عناصر المدخل الإضافي( كوها)
مصدر التصنيف او مخطط الترفيف Dewey Decimal Classification
Koha [default] item type كتاب
المقتنيات
حالة الفقد نموذج السعر الفعال حالة تلف ليس للاعارة رقم الطلب تاريخ الاكتساب الموقع الحالي الباركود الفرع الرئيسي Date last seen نوع المادة فى نظام كوها مصدر التصنيف او خطة الترفيف Total Checkouts
  2013-03-10     243 ا ع ع 2011-06-12 المكتبة المركزية بالمجمعة (CL) 00061030 المكتبة المركزية بالمجمعة (CL) 2013-03-10 كتاب Dewey Decimal Classification  
  2013-03-10     243 ا ع ع 2011-06-12 المكتبة المركزية بالمجمعة (CL) 00061031 المكتبة المركزية بالمجمعة (CL) 2013-03-10 كتاب Dewey Decimal Classification  
  2013-03-10     243 ا ع ع 2011-06-12 المكتبة المركزية بالمجمعة (CL) 00061032 المكتبة المركزية بالمجمعة (CL) 2013-03-10 كتاب Dewey Decimal Classification